Statistiques concernant Nom de biathlète

Cliquez ici pour prendre le quiz!

Statistiques générales

  • Ce quiz a été pris 182 fois
  • Le résultat moyen est 10 sur 15

Statistiques - réponses

Réponse% Correct
Martin Fourcade
98%
Johannes Thingnes Bø
97%
Tarjei Bø
96%
Quentin Fillon Maillet
95%
Émilien Jacquelin
94%
Sebastian Samuelsson
65%
Benedikt Doll
60%
Ole Einar Bjørndalen
55%
Sturla Holm Lægreid
52%
Alexander Loginov
47%
Anton Shipulin
46%
Erik Lesser
46%
Jakov Fak
42%
Emil Hegle Svendsen
38%
Simon Schempp
34%

Distribution des résultats

Percentile par nombre de réponses

% des personnes avec chaque résultat

Votre développement - résultats

Vous n’avez pas pris ce quiz